Santorin - Choix multiples - Statistiques

Statistiques générales
  • Ce quiz a été pris 41 fois
  • Le résultat moyen est 6 sur 10
Statistiques - réponses
Question Réponse % Correct
Quel type de catastrophe naturelle a façonné l’île de Santorin ? Éruption volcanique
87%
Quelle mer entoure Santorin ? Égée
84%
Quelle est la forme caractéristique de Santorin vue du ciel ? En croissant de lune
84%
Selon certains historiens, cet évènement aurait inspiré quel mythe célèbre ? Le mythe de l’Atlantide
82%
Quel ancien nom grec portait l’île de Santorin ? Thera
82%
Quelle civilisation antique a occupé cette cité avant la catastrophe ? Les Minoens
50%
Quelle cité antique a été ensevelie sous les cendres volcaniques de Santorin ? Akrotiri
45%
Quelle est la ville principale de Santorin ? Fira
45%
Quelle fête grecque moderne de Santorin garde un écho des anciens cultes du feu ? Ifaisteia
37%
Quelle sainte est célébrée dans l’église à dôme bleu d’Oia ? Sainte Anastasie
18%
Aucun quiz correspondant
Distribution des résultats
% des personnes avec chaque résultat
Percentile par nombre de réponses
Votre historique - résultats
Vous n’avez pas pris ce quiz